000 00534nam a2200181Ia 4500
003 GCL
008 140319s9999 xx 000 0 ara d
040 _aGCL /
_cGCL
082 0 4 _a816
_bم ر
100 1 _aاحسان عباس
245 1 0 _aرسائل ابى العلاء المعرى : الجزء الاول /
_cاحسان عباس
300 _a255 ص
490 _a
650 0 4 _aالادب العربى
650 0 4 _aابوالعلاء المعرى
650 0 4 _aالرسائل العربية - تاريخ
942 _2ddc
_cBK
999 _c41672
_d41672